Inauguración de las obras de reconstrucción del Puente del Diablo de Martorell / por Isidro Clopas Batlle
Publicado:
San Jorge, núm. 67 - 68 (2n semestre 1967), pàg 60 - 68 :
MARC
| LEADER | 00000nam a2200000Ia 4500 | ||
|---|---|---|---|
| 001 | |||
| 008 | 160829s9999 xx 000 0 cat d | ||
| 100 | 1 | |a Clopas i Batlle, Isidre, |d 1913-2001 |9 24339 | |
| 245 | |a Inauguración de las obras de reconstrucción del Puente del Diablo de Martorell / por Isidro Clopas Batlle | ||
| 260 | |a San Jorge, núm. 67 - 68 (2n semestre 1967), pàg 60 - 68 | ||
| 600 | 1 | 0 | |a Buxó de Abaigar, Joaquín, |c marqués de Castell-Florite, |d 1905-1979 |x Medalles |9 54782 |
| 650 | |a Pont del Diable (Martorell) |9 40642 | ||
| 650 | 0 | |a Ponts |x Manteniment i reparació |9 40643 | |
| 650 | 0 | |a Ponts |x Catalunya |9 40646 | |
| 650 | |a Fundació Pau Sendrós |9 40645 | ||
| 650 | |a L'Enrajolada - Casa Museu Santacana (Martorell) |9 40166 | ||
| 901 | |a Arxiu | ||
| 942 | |n 1 | ||
| 952 | |0 0 |1 0 |4 0 |7 1 |9 49829 |a Arxiu |b Arxiu |d 2016-12-01 |l 0 |r 2016-12-01 00:00:00 |w 2016-12-01 |y ARXIU | ||
| 999 | |c 53671 |d 53671 | ||